United States Representatives from California - Statistics

General Stats
  • This quiz has been taken 27 times
  • The average score is 31 of 52
Answer Stats
Hint Answer % Correct
11-D Nancy Pelosi
100%
17-D Ro Khanna
100%
51-D Sara Jacobs
100%
14-D Eric Swalwell
80%
52-D Juan Vargas
80%
28-D Judy Chu
80%
36-D Ted Lieu
80%
18-D Zoe Lofgren
80%
13-D Adam Gray
60%
6-D Ami Bera
60%
32-D Brad Sherman
60%
48-R Darrell Issa
60%
47-D Dave Min
60%
22-R David Valadao
60%
7-D Doris Matsui
60%
1-R Doug LaMalfa
60%
27-D George Whitesides
60%
31-D Gil Cisneros
60%
2-D Jared Huffman
60%
34-D Jimmy Gomez
60%
19-D Jimmy Panetta
60%
9-D Josh Harder
60%
26-D Julia Brownley
60%
41-R Ken Calvert
60%
3-R Kevin Kiley
60%
12-D Lateefah Simon
60%
30-D Laura Friedman
60%
38-D Linda Sánchez
60%
46-D Lou Correa
60%
10-D Mark DeSaulnier
60%
39-D Mark Takano
60%
43-D Maxine Waters
60%
44-D Nanette Barragán
60%
35-D Norma Torres
60%
33-D Pete Aguilar
60%
25-D Raul Ruiz
60%
42-D Robert Garcia
60%
24-D Salud Carbajal
60%
16-D Sam Liccardo
60%
37-D Sydney Kamlager-Dove
60%
20-R Vince Fong
60%
40-R Young Kim
60%
45-D Derek Tran
40%
23-R Jay Obernolte
40%
21-D Jim Costa
40%
8-D John Garamendi
40%
15-D Kevin Mullin
40%
29-D Luz Rivas
40%
49-D Mike Levin
40%
4-D Mike Thompson
40%
50-D Scott Peters
40%
5-R Tom McClintock
40%
No matching quizzes found
Score Distribution
Percent of People with Each Score
Percentile by Number Answered
Your Score History
You have not taken this quiz